000 00353nam a2200145 a 4500
008 970930s1950||||xx 0 und c
040 _aSNK
_bslo
_cSNK
_eAACR2
100 1 _aMatuška, Alexander
245 1 0 _aNové profily
260 _aBratislava
_bSlovenský spisovateľ
_c1950
300 _a166 s.
044 _axo
_cSK
041 _aslo
020 _c90
999 _c15101
_d15101